Rail Termini from Chester Quiz Stats

 Plays Quiz not verified by Sporcle

Challenge
Share
Tweet
Embed
Score 0/23 Timer 10:00
0 Plays Today
TOC(s) Answer % Correct
Arriva Trains WalesLlandudno
95.8%
Arriva Trains Wales, NorthernManchester Piccadilly
95.8%
Arriva Trains WalesHolyhead
91.7%
Virgin TrainsLondon Euston
91.7%
NorthernLiverpool Lime St
91.7%
Arriva Trains WalesCrewe
87.5%
Arriva Trains WalesCardiff Central
83.3%
Arriva Trains WalesShrewsbury
79.2%
MerseyrailEllesmere Port
70.8%
Arriva Trains WalesLlandudno Junction
66.7%
Arriva Trains WalesBangor
66.7%
NorthernStockport
62.5%
TOC(s) Answer % Correct
MerseyrailBirkenhead Central
58.3%
MerseyrailHooton
58.3%
Arriva Trains WalesWrexham General
54.2%
NorthernManchester Oxford Road
54.2%
Arriva Trains WalesSwansea
54.2%
NorthernManchester Airport
50%
MerseyrailRock Ferry
45.8%
Arriva Trains WalesBirmingham International
41.7%
MerseyrailMoorfields
29.2%
NorthernWolverhampton
29.2%
NorthernHelsby
8.3%

You're not logged in!

Compare scores with friends on all Sporcle quizzes.
Join for Free
OR
Log In

You Might Also Like...

Show Comments

Extras

Top Quizzes Today


Score Distribution

Your Account Isn't Verified!

In order to create a playlist on Sporcle, you need to verify the email address you used during registration. Go to your Sporcle Settings to finish the process.

Report this User

Report this user for behavior that violates our Community Guidelines.

Details: